[Event "Clash of Blames WCE 2024"]
[Site "London"]
[Date "2024.08.19"]
[Round "1"]
[White "Kramnik, Vladimir"]
[Black "Martinez Alcantara, Jose Eduardo"]
[Result "1-0"]
[WhiteElo "2753"]
[BlackElo "2612"]
[Annotator "TA"]
[PlyCount "61"]
[EventDate "2024.08.25"]
[EventType "match"]
[EventRounds "36"]
[EventCountry "ENG"]
[SourceTitle "playchess.com"]
[Source "ChessBase"]
[SourceQuality "1"]

{[%evp 16,61,68,68,66,69,71,64,65,58,89,90,100,96,136,142,164,150,122,108,147,193,610,136,146,156,164,150,331,327,335,316,312,192,188,180,198,189,200,197,193,191,191,181,399,371,815,795]} 1. e4 c5 2. Nf3 d6 3. d4 cxd4 4. Nxd4 Nf6 5. Nc3 a6 6. Be3 e6 7. g4 Nfd7 8. g5 b5 9. a3 {White has more active pieces.} Bb7 10. f4 Nc6 11. Rg1 {[%cal Bh1g1,Bg1g3,Bg3d3,Bd3d5][%mdl 32]} Rc8 {White is slightly better.} 12. Rg3 Nxd4 13. Qxd4 e5 14. Qd2 exf4 15. Bxf4 Ne5 16. Bxe5 dxe5 17. Rd3 Qc7 18. O-O-O $1 b4 $2 (18... Be7 19. Rd7 Qb8 20. Bxb5 O-O (20... axb5 $2 21. Rxe7+ Kxe7 22. Qd7+ Kf8 23. Rf1 $18) 21. Bxa6 (21. Rxe7 axb5 22. Qd6 Qa8 $18) 21... Bxa6) 19. Nd5 $2 (19. Bh3 $18 {Threatening mate with Bd7+.} Be7 (19... bxc3 $2 20. Rxc3 Be7 21. Rxc7 $18) 20. Bd7+ Kf8 21. Bxc8 Qxc8 22. axb4 (22. Rd8+ Bxd8 23. Qxd8+ Qxd8 $18)) 19... Bxd5 $16 20. Rxd5 (20. exd5 bxa3 21. bxa3 Bd6 $17) 20... Be7 {[%cal Oe7g5] [#] Hoping for ...Bxg5! Black is weak on the light squares} 21. Kb1 $1 (21. axb4 $2 Bxg5 22. c3 Bxd2+ $19) 21... O-O $2 {A mistake that costs the game.} (21... bxa3 $16 22. Bxa6 Rb8 (22... Bxg5 $2 23. Qb4 $18) 23. Bb5+ Kf8) 22. Rd7 $18 (22. Bxa6 Ra8 23. Rd7 Qb6 $11) (22. axb4 Bxg5 23. Qg2 (23. Qxg5 Qxc2+ 24. Ka2 Qa4+ 25. Kb1 Qc2+ 26. Ka2 Qa4+ 27. Kb1 Qc2+ $11) 23... h6 24. Bxa6 Ra8 $18) 22... Qc5 23. axb4 (23. Bxa6 Bxg5 24. axb4 (24. Qxg5 Qxc2+ 25. Ka2 Rc3 $11) 24... Qb6 25. Qxg5 Qxa6 $11) 23... Qxb4 24. Qxb4 (24. Bxa6 $6 Qxd2 25. R1xd2 Rcd8 $18) 24... Bxb4 {[%cal Be7b4,Bb4c3,Bc3d4][%mdl 32]} 25. Bxa6 Rc6 26. Bb7 $36 {[%mdl 2048] White has strong initiative.} Rb6 27. Bd5 Bc3 {[#]} 28. Bb3 $1 Bd4 29. Rf1 {[%cal Rf1f7]} h6 $2 (29... g6 {is a better defense.} 30. Rf3 (30. Rdxf7 Rxf7 31. Bxf7+ Kg7 $18) (30. Bxf7+ Kh8 $16) (30. Rfxf7 Rxf7 31. Bxf7+ Kf8 $18) 30... Kh8 31. Rfxf7 (31. Rdxf7 Rxf7 32. Rxf7 h5 $18) 31... Rxf7 32. Rxf7 h6 33. gxh6 g5) 30. g6 {[%cal Rf1f7]} ({Inferior is} 30. Bxf7+ Kh8 $11) 30... Rxg6 $2 (30... Rbb8 31. Rdxf7 (31. Rfxf7 Rxf7 32. Rxf7 Kh8 $18) 31... Rxf7 32. Rxf7 (32. gxf7+ Kf8 $18) 32... Kh8) 31. Rdxf7 {Weighted Error Value: White=0.38/Black=0.57.  Loses game:     	---       	Black=1      Missed win:     	White=1     	---        Mistake:       	---       	Black=3      Inaccurate:     	White=1     	Black=3      OK:         	White=9     	Black=7      Best:        	White=2     	Black=2      Strong:       	White=2     	---} 1-0

[Event "Clash of Blames WCE 2024"]
[Site "London"]
[Date "2024.08.19"]
[Round "2"]
[White "Martinez Alcantara, Jose Eduardo"]
[Black "Kramnik, Vladimir"]
[Result "1-0"]
[WhiteElo "2612"]
[BlackElo "2753"]
[Annotator "TA"]
[PlyCount "159"]
[EventDate "2024.08.25"]
[EventType "match"]
[EventRounds "36"]
[EventCountry "ENG"]
[SourceTitle "playchess.com"]
[Source "ChessBase"]
[SourceQuality "1"]

{[%evp 59,159,103,118,115,110,108,107,108,110,99,105,106,120,82,87,68,102,72,108,48,101,95,101,51,125,91,90,90,107,101,117,101,104,58,102,101,93,98,111,106,127,95,180,180,208,229,212,223,1316,1316,972,1316,1268,1141,1133,958,5920,5920,5920,5920,5920,5920,5920,5920,5920,5920,5920,5920,5912,5912,5912,5912,5912,5912,5912,5903,5887,5887,5443,4761,5401,5389,29980,29981,29987,29988,29996,29985,29985,29984,29984,29983,29985,29984,29986,29985,29985,29984,29985,29986,29988,29988]} 1. e4 c5 2. Nf3 d6 3. c3 Nf6 4. Be2 g6 5. O-O Bg7 6. d3 O-O 7. Be3 $1 {[%mdl 4] is recently more successful than 7.Nbd2. B50: Sicilian: 2...d6, Miscellaneous.} Nc6 8. Nbd2 e5 9. h3 h6 10. a3 Re8 11. b4 b6 12. Re1 $1 $146 {[%mdl 8] An important novelty.} ({Predecessor:} 12. b5 Na5 13. c4 Nh5 14. Re1 Nf4 15. Bf1 Ne6 16. Nb1 f5 17. Nc3 f4 18. Bd2 {0-1 Aronian,L (2723)-Indjic,A (2589) Wch Blitz Samarkand 2023 (17)}) 12... Be6 13. Bf1 d5 14. bxc5 bxc5 15. Bxc5 Rc8 16. Rc1 g5 17. exd5 Nxd5 18. Ne4 Na5 19. Bb4 Nb7 20. c4 Nxb4 21. axb4 f5 22. Ng3 a5 23. bxa5 Qxa5 24. Rb1 Nd6 25. Nh5 Bh8 26. Ra1 Qc5 27. Ra6 Bf7 28. Ng3 e4 29. d4 Qb4 {[#]} 30. Ne5 (30. Qd2 $142 $1 {[%mdl 512]} Qxd2 31. Nxd2 Nxc4 32. Bxc4 Bxc4 33. Nxc4 (33. Rxh6 Be6 $16) 33... Rxc4 34. Nxf5 Bxd4 35. Nxd4) 30... Rxe5 $16 31. dxe5 Bxe5 32. Rxd6 (32. Re2 {feels hotter.} Qc5 33. Kh1 Rc6 34. Rxc6 Qxc6 35. Ra2) 32... Qxd6 33. Qxd6 Bxd6 34. Nxf5 Bf8 35. Rxe4 Rc7 36. Rd4 Be6 37. Nd6 Rc6 38. Ne4 Kg7 39. Rd1 (39. g4 $16) 39... Be7 (39... Bxc4 $14 40. Bxc4 Rxc4) 40. Ng3 Kf7 41. Be2 (41. Rc1 $16) 41... Rd6 ({Black should try} 41... Bxc4 $14 42. Bh5+ Kf8) 42. Bh5+ Kf8 43. Rc1 Rc6 44. Be2 Bc5 45. Bf3 Rc7 46. Bg4 (46. Rd1 $16) 46... Bf7 47. Ne4 Ba3 {[#]} 48. Ra1 $1 Be7 49. Be2 Kg7 50. Ng3 Be6 (50... Bg6 $16 51. Ra4 Bc5) 51. Ra6 $18 Bd7 52. Bg4 Bxg4 53. hxg4 Rxc4 $2 (53... Bf8 54. Nf5+ Kf7) 54. Nf5+ $18 Kf8 55. Ra8+ ({Weaker is} 55. Nxh6 Rc1+ 56. Kh2 Bb4 $18) (55. Rxh6 Rxg4 56. Rh7 Bc5 $16) 55... Kf7 56. Ra7 ({Not} 56. Nxh6+ Kg6 $18) 56... Kf6 57. Nxe7 Rxg4 58. Nd5+ Ke5 59. Ne3 Rb4 60. Ra5+ Ke4 61. g4 Kf3 62. Rf5+ Ke2 63. Kg2 Rb6 64. Nf1 Re6 65. Ng3+ Kd3 66. Rf8 Kd2 67. Rh8 Kd3 68. Nf5 Re4 69. Kg3 Ke2 70. Rxh6 Rf4 71. Re6+ Kf1 72. Ne3+ Kg1 73. Ng2 Rxf2 74. Re1+ Rf1 75. Rxf1+ Kxf1 76. Kf3 Kg1 77. Ne3 Kh2 78. Ke4 Kg3 79. Kf5 Kh4 80. Nc4 1-0

[Event "Clash of Blames WCE 2024"]
[Site "London"]
[Date "2024.08.19"]
[Round "3"]
[White "Kramnik, Vladimir"]
[Black "Martinez Alcantara, Jose Eduardo"]
[Result "1/2-1/2"]
[WhiteElo "2753"]
[BlackElo "2612"]
[Annotator "TA"]
[PlyCount "106"]
[EventDate "2024.08.25"]
[EventType "match"]
[EventRounds "36"]
[EventCountry "ENG"]
[SourceTitle "playchess.com"]
[Source "ChessBase"]
[SourceQuality "1"]

{[%evp 12,106,23,17,19,17,22,22,17,18,34,26,24,32,29,18,29,0,23,17,20,18,34,16,21,9,16,-19,-17,-20,-5,-15,0,0,8,16,6,12,29,0,26,0,0,-54,6,0,0,0,0,-7,0,0,0,0,0,0,0,-6,-11,-19,0,-81,-73,-53,-15,-17,0,-45,-21,-30,-25,-146,-62,-62,-58,-51,-8,-14,0,0,54,51,64,66,82,93,96,0,0,0,0,0,0,0,0,0,0]} 1. e4 e5 2. Nf3 Nc6 3. Bc4 Bc5 4. c3 Nf6 5. d3 d6 6. O-O Bb6 7. a4 h6 8. Nbd2 O-O 9. Bb3 a6 10. Re1 Be6 11. Bxe6 fxe6 12. Nc4 Ba7 13. Be3 Bxe3 14. Nxe3 Qd7 15. b4 Ne7 16. g3 Kh8 17. Kg2 Rf7 18. Ra2 Raf8 {[%cal Of6e4]} 19. Ng1 d5 20. f3 Ng6 21. Rd2 Rd8 22. Ree2 d4 23. cxd4 exd4 24. Nc4 e5 25. Rf2 Rdf8 26. Nh3 Qe6 27. b5 (27. Rb2 $11) 27... Nd7 (27... axb5 $1 $15 28. axb5 Nd7) 28. Rb2 $11 Nc5 29. b6 c6 30. Na5 Rb8 31. Qc2 Nd7 32. Rb1 Rf6 33. Nc4 Rbf8 {[%cal Og6h4]} 34. Ng1 Ne7 35. Qb3 c5 36. Na5 (36. a5 $11 {keeps the balance.}) 36... Qxb3 ({Of course not} 36... Nxb6 $6 37. Qxe6 Rxe6 38. f4 $11) 37. Rxb3 Nxb6 (37... Nc8 $5 38. Nxb7 Ncxb6 $17) 38. Rc2 Nxa4 {aiming for ...b5.} 39. Rxb7 Nc6 40. Nxc6 Rxc6 41. Re7 {[#]} (41. Nh3 $1 $11 {remains equal.}) 41... c4 $1 {[%mdl 512]} 42. Rxc4 $15 Rxc4 43. dxc4 {[%mdl 4096] Endgame. KRN-KRN} Rd8 {White must now prevent ...d3.} 44. Nh3 $1 {[%cal Oh3f2]} (44. Rxe5 d3 45. Nh3 (45. Rd5 $2 Rxd5 46. Nh3 d2 $19) 45... d2 $17) 44... d3 45. Nf2 $1 d2 (45... Kh7 $11) 46. Nd1 $1 $14 Rd4 47. Rxe5 Rxc4 48. Rd5 Rc2 49. Kh3 (49. Kf1 $16) 49... Nc5 $11 {The position is equal.} 50. Ne3 Rc3 51. Nd1 Rc2 52. Ne3 Rc3 53. Nd1 Rc2 {Weighted Error Value: White=0.15 (very precise) /Black=0.13 (very precise) .  Mistake:       	White=4     	Black=3      Inaccurate:     	White=5     	Black=3      OK:         	White=18    	Black=19     Best:        	White=1     	Black=2      Strong:       	White=3     	---} 1/2-1/2

[Event "Clash of Blames WCE 2024"]
[Site "London"]
[Date "2024.08.19"]
[Round "4"]
[White "Martinez Alcantara, Jose Eduardo"]
[Black "Kramnik, Vladimir"]
[Result "1-0"]
[WhiteElo "2612"]
[BlackElo "2753"]
[Annotator "TA"]
[PlyCount "73"]
[EventDate "2024.08.25"]
[EventType "match"]
[EventRounds "36"]
[EventCountry "ENG"]
[SourceTitle "playchess.com"]
[Source "ChessBase"]
[SourceQuality "1"]

{[%evp 11,73,-12,-5,-8,0,0,-16,-20,-12,-17,-11,-48,-44,-49,-12,-43,-5,0,0,-10,-12,-9,-3,-12,-14,-12,-6,-22,-16,-26,-29,-27,-27,-45,-50,-73,-45,-36,-36,-45,-50,-39,-40,-41,-46,-42,0,0,98,-38,106,0,219,193,741,734,750,727,1879,1867,1536,765,1814,1809]} 1. e4 c5 2. Nf3 d6 3. c3 Nf6 4. Be2 g6 5. O-O Bg7 6. d3 O-O 7. Be3 b6 8. Nbd2 Bb7 9. Re1 {The position is equal.} Nbd7 10. h3 Qc7 11. Rc1 d5 12. Bg5 dxe4 13. Nxe4 Nxe4 14. dxe4 Ne5 15. Qc2 Rad8 16. Rcd1 h6 17. Be3 g5 18. Nd2 Ng6 19. Nf1 Be5 20. Bg4 Kg7 21. Bc1 e6 22. Rxd8 Rxd8 23. g3 Qc6 24. Bf3 f5 25. Qe2 f4 26. Bh5 fxg3 27. fxg3 {[%cal Oh3h4]} Qd6 28. Qg2 Ba6 29. h4 {[%cal Bh3h4,Bh4h5][%mdl 32]} Qe7 {[#]} (29... Bf6 $11) 30. Nh2 ({White should try} 30. hxg5 $1 $16 hxg5 31. Nh2) 30... Rf8 (30... gxh4 $15 {keeps the upper hand.} 31. gxh4 Rg8 (31... Bxh2+ 32. Qxh2 e5 33. Qg3 $15) 32. Bxg6 (32. Qxg6+ $2 Kh8 $19) 32... Bxh2+ 33. Qxh2 Kxg6) 31. Nf3 (31. hxg5 $16 hxg5 32. Bxg6 Kxg6 33. Nf3) 31... g4 $2 32. Bxg4 $18 {And now h5 would win.} Kh7 $2 (32... Qd6 33. Nxe5 Nxe5) 33. h5 {White is clearly winning.} Nf4 34. gxf4 Bxf4 {[#]} 35. Bf5+ $1 {[%mdl 512]} exf5 36. Qg6+ ({Weaker is} 36. Bxf4 Rg8 $16) 36... Kh8 37. Bxf4 {Weighted Error Value: White=0.18 (very precise) /Black=0.35.  Loses game:     	---       	Black=1      Mistake:       	White=2     	Black=3      Inaccurate:     	White=2     	Black=4      OK:         	White=6     	Black=14     Best:        	White=4     	---} 1-0

[Event "Clash of Blames WCE 2024"]
[Site "London"]
[Date "2024.08.19"]
[Round "5"]
[White "Kramnik, Vladimir"]
[Black "Martinez Alcantara, Jose Eduardo"]
[Result "0-1"]
[WhiteElo "2753"]
[BlackElo "2612"]
[Annotator "TA"]
[PlyCount "72"]
[EventDate "2024.08.25"]
[EventType "match"]
[EventRounds "36"]
[EventCountry "ENG"]
[SourceTitle "playchess.com"]
[Source "ChessBase"]
[SourceQuality "1"]

{[%evp 14,72,20,20,34,34,50,50,62,60,62,62,56,45,49,45,38,40,33,36,22,-22,-14,-11,-16,-16,0,0,0,-24,-14,-44,-29,-16,-34,-24,-38,-60,-65,-62,-60,-82,-89,-67,-37,-131,-129,-382,-387,-396,-379,-390,-381,-401,-400,-388,-380,-387,-379,-516,-520]} 1. e4 e5 2. Nf3 Nc6 3. Bc4 Bc5 4. c3 Nf6 5. d3 d6 6. O-O Bb6 7. Nbd2 O-O 8. Bb3 a6 9. Nc4 Ba7 10. Bg5 h6 {White is slightly better.} 11. Bh4 Be6 12. Ne3 Kh8 13. Nd5 Bxd5 $1 14. exd5 Nb8 15. d4 Nbd7 16. Bc2 Re8 17. Re1 exd4 18. cxd4 (18. Nxd4 Rxe1+ 19. Qxe1 Bxd4 20. cxd4 g5) 18... Rxe1+ 19. Qxe1 Qe8 20. Qb4 Rb8 21. Re1 Qf8 22. Bb3 g5 23. Bg3 Nh5 24. Qc3 Bb6 25. Bc2 Ndf6 26. Qd3 Re8 27. Be5 dxe5 28. dxe5 {[%cal Og2g4]} Qc5 29. Rf1 ({White should try} 29. Re3 $15 Kg7 (29... Nxd5 30. Qh7#) 30. b4) 29... Qxd5 $17 ({Weaker is} 29... Nxd5 30. Qh7#) (29... Nf4 $2 30. Qf5 Kg8 (30... N6xd5 31. Qh7#) 31. exf6 $18) 30. Qf5 {[%mdl 8192] [#] Loses the game.} (30. exf6 $17 {was the only chance.} Qxd3 (30... Qxa2 31. Qh7#) (30... Nxf6 31. Qxd5 Nxd5 32. Re1 $17) 31. Bxd3) 30... g4 $1 $19 31. Bb3 Qe4 32. Qxe4 Nxe4 33. Bxf7 Re7 34. Bxh5 gxf3 35. Bxf3 Rxe5 36. g3 Nd2 {[%csl LRf1,LRf3] Weighted Error Value: White=0.28 (precise) /Black=0.03 (flawless) .  Loses game:     	White=1     	---        Mistake:       	White=1     	---        Inaccurate:     	White=3     	Black=1      OK:         	White=11    	Black=18     Best:        	White=1     	Black=1      Strong:       	---       	Black=2} 0-1

[Event "Clash of Blames WCE 2024"]
[Site "London"]
[Date "2024.08.19"]
[Round "5"]
[White "Kramnik, Vladimir"]
[Black "Martinez, Jose"]
[Result "0-1"]
[WhiteElo "2676"]
[BlackElo "2691"]
[Annotator "TA"]
[PlyCount "72"]
[EventDate "2024.08.25"]
[EventType "match"]
[EventRounds "36"]
[EventCountry "ENG"]
[SourceTitle "playchess.com"]
[Source "ChessBase"]
[SourceQuality "1"]

{[%evp 14,72,13,9,44,42,43,43,57,45,72,59,68,45,46,31,31,32,38,24,22,-16,-12,-12,0,-20,0,0,0,0,-4,-31,-34,-32,-25,-25,-33,-61,-58,-58,-53,-84,-72,-76,-28,-149,-143,-395,-400,-411,-406,-400,-393,-379,-344,-365,-367,-375,-358,-540,-534]} 1. e4 e5 2. Nf3 Nc6 3. Bc4 Bc5 4. c3 Nf6 5. d3 d6 6. O-O Bb6 7. Nbd2 O-O 8. Bb3 a6 9. Nc4 Ba7 10. Bg5 h6 {White is slightly better.} 11. Bh4 Be6 12. Ne3 Kh8 13. Nd5 Bxd5 14. exd5 Nb8 15. d4 Nbd7 16. Bc2 Re8 17. Re1 exd4 18. cxd4 (18. Nxd4 Rxe1+ 19. Qxe1 Bxd4 20. cxd4 g5) 18... Rxe1+ 19. Qxe1 Qe8 20. Qb4 Rb8 21. Re1 Qf8 22. Bb3 g5 23. Bg3 Nh5 24. Qc3 Bb6 25. Bc2 Ndf6 26. Qd3 Re8 27. Be5 dxe5 28. dxe5 {[%cal Og2g4] [#]} Qc5 29. Rf1 {[#]} (29. Re2 $11 Kg7 (29... Nxd5 30. Qh7#) (29... Nf4 30. exf6 $11) 30. b4) 29... Qxd5 $1 $17 (29... Nxd5 30. Qh7#) ({Wrong is} 29... Nf4 $2 30. Qf5 Kg8 (30... N6xd5 31. Qh7#) 31. exf6 $18) 30. Qf5 {[%mdl 8192] This move loses the game for White.} (30. exf6 $17 Qxd3 (30... Qxa2 31. Qh7#) (30... Nxf6 31. Qxd5 Nxd5 32. Re1 $17) 31. Bxd3) 30... g4 $1 $19 31. Bb3 Qe4 32. Qxe4 Nxe4 33. Bxf7 Re7 34. Bxh5 gxf3 35. Bxf3 Rxe5 36. g3 (36. Rd1 $142) 36... Nd2 {[%csl LRf1,LRf3] Weighted Error Value: White=0.32/Black=0.07 (flawless) .  Loses game:     	White=1     	---        Mistake:       	White=2     	Black=1      Inaccurate:     	White=4     	Black=1      OK:         	White=9     	Black=19     Best:        	White=2     	Black=1      Strong:       	---       	Black=1} 0-1

[Event "Clash of Blames WCE 2024"]
[Site "London"]
[Date "2024.08.19"]
[Round "6"]
[White "Martinez Alcantara, Jose Eduardo"]
[Black "Kramnik, Vladimir"]
[Result "0-1"]
[WhiteElo "2612"]
[BlackElo "2753"]
[Annotator "RC"]
[PlyCount "122"]
[EventDate "2024.08.25"]
[EventType "match"]
[EventRounds "36"]
[EventCountry "ENG"]
[SourceTitle "playchess.com"]
[Source "ChessBase"]
[SourceQuality "1"]

1. e4 c5 2. Nf3 d6 3. c3 Nf6 4. Be2 g6 5. O-O Bg7 6. d3 O-O 7. Be3 b6 8. Nbd2 Bb7 9. Qb1 Nbd7 10. h3 Qc7 11. d4 e6 12. Bd3 a6 13. a4 Bc6 14. b4 c4 15. Bc2 b5 16. a5 e5 17. Re1 Rae8 18. d5 Bxd5 19. exd5 Nxd5 20. Ra3 f5 21. Nf1 e4 22. Nd4 Ne5 23. Nd2 Nd3 24. Bxd3 cxd3 25. Nf1 Qf7 26. Bd2 f4 27. f3 Bxd4+ 28. cxd4 e3 29. Rxd3 exd2 30. Re4 Rc8 31. Nxd2 Nc3 32. Qb2 Nxe4 33. Nxe4 d5 34. Nd6 Qe6 35. Nxc8 Qe1+ 36. Kh2 Rxc8 37. Qd2 Qxd2 38. Rxd2 Rc4 39. g3 Rxb4 40. gxf4 Rc4 41. Kg3 Kf7 42. f5 gxf5 43. Kf4 Kf6 44. Ke3 b4 45. h4 Rc3+ 46. Kf4 b3 47. Rb2 Rd3 48. Kg3 h6 49. Rb1 h5 50. Rb2 f4+ 51. Kxf4 Rxd4+ 52. Ke3 Rb4 53. Kd3 Kf5 54. Kc3 Rb5 55. Rb1 b2 56. Rxb2 Rxb2 57. Kxb2 Kf4 58. Kc3 Ke3 59. f4 d4+ 60. Kc4 d3 61. f5 d2 0-1

[Event "Clash of Blames WCE 2024"]
[Site "London"]
[Date "2024.08.19"]
[Round "7"]
[White "Kramnik, Vladimir"]
[Black "Martinez Alcantara, Jose Eduardo"]
[Result "1/2-1/2"]
[WhiteElo "2753"]
[BlackElo "2612"]
[Annotator "TA"]
[PlyCount "141"]
[EventDate "2024.08.25"]
[EventType "match"]
[EventRounds "36"]
[EventCountry "ENG"]
[SourceTitle "playchess.com"]
[Source "ChessBase"]
[SourceQuality "1"]

{[%evp 12,141,31,20,21,3,23,0,5,18,22,12,23,17,6,0,10,4,15,0,6,0,12,15,17,0,26,25,44,20,102,102,103,111,106,99,113,101,90,94,109,73,106,69,77,25,35,46,46,64,59,32,50,24,29,26,49,56,56,51,93,66,81,81,103,58,84,53,59,37,37,0,47,0,0,0,0,0,0,0,0,0,0,0,0,0,0,0,0,0,0,0,0,0,0,0,48,0,0,0,124,0,0,0,312,0,0,0,0,0,0,0,0,0,0,0,0,0,0,0,0,0,0,0,0,0,0,0,0,0,0,0]} 1. e4 e5 2. Nf3 Nc6 3. Bc4 Bc5 4. c3 Nf6 5. d3 d6 6. O-O Bb6 7. Nbd2 Ne7 8. d4 Ng6 9. Re1 O-O 10. Bf1 Re8 11. h3 {Inhibits Bg4.} c6 12. a4 Bc7 13. dxe5 dxe5 14. b4 h6 15. a5 Be6 16. Qc2 b6 17. Nc4 Qe7 18. Be3 b5 19. Bc5 Qd8 20. Rad1 Qc8 (20... Nd7 $11 21. Nb2 Qb8) 21. Nd6 $16 Bxd6 22. Bxd6 Nd7 23. c4 {[%cal Bc3c4,Bc4c5][%mdl 32]} Qb7 24. c5 f6 25. g3 Ndf8 26. h4 Qf7 27. Qc3 {White is much more active.} Rad8 28. a6 ({White should try} 28. Rd2 $16) 28... Ne7 $11 29. Rd2 Nc8 30. Red1 Bb3 31. Rb1 Be6 32. Be2 Rd7 33. Bxf8 Rxf8 34. Rxd7 Qxd7 35. Rd1 Qf7 36. Kg2 h5 37. Rd2 g6 38. Qc1 Qe7 39. Ne1 Rd8 40. Nc2 Kg7 41. f3 Qc7 (41... Rxd2 $11 42. Qxd2 Qd7) 42. Qd1 (42. f4 $1 $14) 42... Rxd2 43. Qxd2 Ne7 44. Ne3 {[%cal Of3f4]} Kf7 45. Kf2 Qd7 46. Qc3 Qd8 47. f4 exf4 48. gxf4 {[%cal Of4f5]} f5 49. e5 Nd5 50. Nxd5 Bxd5 {[%mdl 4096] Endgame. KQB-KQB} 51. Kg3 Qe7 52. Qd2 {[%cal Oe2b5] [#] Hoping for Bxb5!} Qe6 53. Qd4 Ke7 (53... Ke8 $11 {deserves consideration.}) 54. Bd3 (54. Bf3 $1 $14 {is superior.}) 54... Kd8 55. Be2 Kc7 (55... Kc8 $11 {remains equal.}) 56. Qa1 (56. Bf3 $16 {Threatens to win with Bxd5.} Kd7 57. Qd3) 56... Kc8 57. Qd4 Kc7 $2 {[%mdl 8192] [#]} (57... Qf7 $11 {and Black has nothing to worry.}) 58. Bf1 $2 (58. Bf3 $18 {Black must now prevent Bxd5.} Kc8 59. Bxd5 cxd5 60. c6 Qxc6 61. Qxa7 Qc3+ 62. Kg2 Qc2+ 63. Qf2 Qe4+ 64. Kg3) 58... Kc8 {The position is equal.} 59. Bg2 Bxg2 60. Kxg2 {KQ-KQ} Qa2+ 61. Kf3 Qb3+ 62. Kf2 Qc2+ 63. Kg3 Qb3+ 64. Kh2 Qf3 65. Qd6 Qxf4+ 66. Kg2 Qe4+ (66... Qxb4 67. Qxc6+ Kd8 68. Qd6+ (68. Qxg6 $2 Qg4+ 69. Qxg4 fxg4 $19) 68... Kc8 69. Qf8+ (69. Qxg6 $2 Qg4+ 70. Qxg4 fxg4 $19) 69... Kc7 70. Qe7+ Kc8 71. Qb7+ (71. Qxa7 Qe4+ 72. Kf1 Qf4+ 73. Kg2 Qg4+ 74. Kf1 Qd1+ 75. Kg2 Qg4+ 76. Kh2 Qxh4+ 77. Kg2 Qe4+ 78. Kf1 h4 $11) 71... Kd8 72. Qb8+ (72. Qxa7 Qe4+ 73. Kf2 Qc2+ 74. Ke3 Qc3+ 75. Ke2 Qxe5+ 76. Kd3 Qe4+ 77. Kc3 Qc4+ 78. Kd2 Qd4+ 79. Kc2 Qe4+ 80. Kc3 Kc8 $11) 72... Kd7 73. Qxa7+ Ke6 74. Qb6+ Kxe5 75. Qc7+ (75. Qxg6 Qe4+ 76. Kf1 Qc4+ 77. Kg2 Qe4+ 78. Kf2 Qd4+ 79. Kg2 Qe4+ $11) 75... Kf6 76. Qd6+ Kf7 77. Qd5+ Kf6 78. Qd6+ Kf7 79. Qd7+ Kf6 80. Qd6+) 67. Kg1 Qe1+ (67... Qxb4 68. Qxc6+ Kd8 69. Qd5+ (69. Qxg6 $2 Qg4+ 70. Qxg4 fxg4 $19) 69... Kc8 70. Qg8+ Kc7 71. Qg7+ Kc8 72. Qf8+ (72. Qxg6 Qg4+ 73. Qxg4 fxg4 $19) 72... Kc7 73. Qe7+ Kc8 74. Qe6+ (74. Qxa7 Qe1+ 75. Kg2 Qe2+ 76. Kg1 Qg4+ 77. Kf1 Qf3+ 78. Ke1 Qc3+ 79. Kd1 Qa1+ 80. Kc2 Qa2+ 81. Kc1 Qc4+ 82. Kd2 Qd4+ 83. Kc2 Qe4+ 84. Kc3 Qe1+ 85. Kd3 Qd1+ 86. Kc3 Qe1+ 87. Kc2 Qe4+ 88. Kc1 Qc4+ 89. Kb2 Qb4+ 90. Ka2 Qc4+ 91. Ka3 Qc3+ 92. Ka2 Qc4+ 93. Ka3 Qc3+ 94. Ka2 Qc2+ 95. Ka3 Qa4+ 96. Kb2 Qe4 $11) 74... Kd8 75. Qf6+ (75. Qxg6 Qg4+ 76. Kf2 Qxg6 77. Ke3 Qg3+ 78. Kd2 Qxe5 79. Kd3 Kc7 80. Kc2 f4 81. Kd3 Qe3+ 82. Kc2 f3 83. Kb2 f2 84. Ka2 Qd2+ 85. Kb3 f1=Q 86. Ka3 Qh3#) 75... Kc7 76. Qe7+ (76. Qxg6 $2 Qg4+ 77. Qxg4 fxg4 $19) 76... Kc8 77. Qf8+ (77. Qxa7 Qe1+ 78. Kg2 Qe2+ 79. Kg1 Qg4+ 80. Kf2 Qd4+ 81. Ke2 Qxe5+ 82. Kd2 Qd4+ 83. Kc2 Qc4+ 84. Kd2 Qd5+ 85. Kc3 Qc4+ 86. Kd2 Qd4+ 87. Kc2 Qc4+ 88. Kb2 Qd4+ 89. Kc2 $11) 77... Kc7 78. Qe7+) 68. Kg2 Qe2+ (68... Qxh4 $2 {too greedy.} 69. Qxc6+ Kd8 70. Qf6+ (70. Qxg6 Qe4+ 71. Kf2 Qf4+ 72. Kg2 Qe4+ 73. Kf2 Qf4+ 74. Kg2 Qe4+ $11) 70... Qxf6 71. exf6 $18) 69. Kg1 Qe1+ 70. Kg2 Qe2+ (70... Qxh4 $2 {perishes.} 71. Qxc6+ Kd8 72. Qf6+ (72. Qxg6 Qe4+ 73. Kf2 Qf4+ 74. Kg2 Qg4+ 75. Qxg4 fxg4 $11) 72... Qxf6 73. exf6 $18) 71. Kg1 {Weighted Error Value: White=0.24 (precise) /Black=0.22 (precise) .  Loses game:     	---       	Black=1      Missed win:     	White=1     	---        Mistake:       	White=4     	Black=4      Inaccurate:     	White=7     	Black=4      OK:         	White=21    	Black=27     Best:        	White=1     	Black=3} 1/2-1/2